01157 2200409 4500001002100000005001700021008004100038035002400079082001000103090002000113100002700133245012300160260011800283300001900401500002900420650002000449700002900469850001200498980001500510985000600525999001500531999001400546999001500560999001500575999001500590999001500605999001500620999001600635990001200651990001200663990001200675990001200687990001200699990001200711990001200723990001200735YOGYA-0209000006249120090227040039.0 ind  0010-020900000062491 a791.5 a791.5bMan SlT aMANGKUNEGARA VII KGPAA aserat padalangan rimggit purwacoleh: KGPAA Mangkunegara VII; Alih aksara dan ringkasan oleh: R.Mulyono sastronaryatmo aJakartabDepartemen Pendidikan dan Kebudayaan Proyek Penerbitan Buku Bacaan dan Sastra Indonesia dan Daerahc1978 a471 hlmc21 cm ayang diterima: jil. II,X aWayang - cerita aSastronaryatmo,R.Mulyono aYOPDYOG a19-02-2008 a7 aa000058379 aa00005380 aa000058381 aa000058382 aa000022531 aa000022532 aa000022533 aa0000058342 a22539-a a22532-A a22532-a a22539-a a22532-a a22539-a a22539-a a22532-a